|
|
|
|
| LEADER |
00904nam a22002412a 4500 |
| 001 |
000954911 |
| 003 |
CZ BrMZK |
| 005 |
20150120141122.0 |
| 007 |
ta |
| 008 |
090713s1965 xo er|||||||||||slo d |
| 040 |
|
|
|a ABA001
|b cze
|c ABA001
|d ABA001
|d BOA001
|
| 100 |
1 |
|
|a Richter, František
|7 jx20041020016
|4 aut
|
| 245 |
1 |
0 |
|a Mechanizačné prostriedky na ochranu rastlín a ich využitie /
|c František Richter ... [et al.]
|
| 250 |
|
|
|a 1. vyd.
|
| 260 |
|
|
|a Bratislava :
|b Slovenské vydavateľstvo pôdohospodárskej literatúry,
|c 1965
|
| 300 |
|
|
|a 121 s. ;
|c 8°
|
| 490 |
1 |
|
|a Knižnica poľnohospodára
|
| 504 |
|
|
|a Obsahuje bibliografii
|
| 830 |
|
0 |
|a Knižnica poľnohospodára (Slovenské vydavateľstvo pôdohospodárskej literatúry)
|
| 910 |
|
|
|a BOA001
|b 1-0546.015
|
| 990 |
|
|
|a BK
|
| 991 |
|
|
|b 200907
|
| 996 |
7 |
|
|b 2619464942
|c 1-0546.015
|l MZK
|r Sklad / do 1 hodiny
|n 0
|w 001096510
|u 000010
|a 1
|e BOA001
|j MZK50
|s A
|